Arquitectura y escultura románicas en la provincia de Burgos / (Record no. 118837)
[ view plain ]
| 000 -LEADER | |
|---|---|
| campo de control de longitud fija | 00957nam a2200229 i 4500 |
| 001 - NÚMERO DE CONTROL | |
| campo de control | 118837 |
| 003 - IDENTIFICADOR DE NÚMERO DE CONTROL | |
| campo de control | ES-MaACL |
| 005 - FECHA Y HORA DE LA ÚLTIMA TRANSACCIÓN | |
| campo de control | 20251220170615.0 |
| 007 - CAMPO FIJO DE DESCRIPCIÓN FÍSICA--INFORMACIÓN GENERAL | |
| campo de control de longitud fija | t| |
| 008 - DATOS DE LONGITUD FIJA--INFORMACIÓN GENERAL | |
| campo de control de longitud fija | 070214s1959 sp r ||||1| spa d |
| 100 1# - ENTRADA PRINCIPAL--NOMBRE DE PERSONA | |
| Nombre de persona | Pérez Carmona, José. |
| 9 (RLIN) | 90706 |
| 245 10 - MENCIÓN DEL TÍTULO | |
| Título | Arquitectura y escultura románicas en la provincia de Burgos / |
| Mención de responsabilidad, etc. | por José Pérez Carmona ; prólogo del Rvdmo. D. Justo Pérez de Urbel. |
| 260 ## - PUBLICACIÓN, DISTRIBUCIÓN, ETC. | |
| Lugar de publicación, distribución, etc. | Burgos : |
| Nombre del editor, distribuidor, etc. | [s.n.], |
| Fecha de publicación, distribución, etc. | 1959 ( |
| Fabricante | Imp. Hijos de Santiago Rodríguez) |
| 300 ## - DESCRIPCIÓN FÍSICA | |
| Extensión | 335 p. lám. 1-114 : |
| Otras características físicas | il ; |
| Dimensiones | 24 cm. |
| 490 1# - MENCIÓN DE SERIE | |
| Mención de serie | Publicaciones del seminario metropolitano de Burgos. Serie A ; |
| Designación de volumen o secuencia | 3 |
| 650 #4 - PUNTO DE ACCESO ADICIONAL DE MATERIA--TÉRMINO DE MATERIA | |
| Término de materia o nombre geográfico como elemento de entrada | Arquitectura románica- |
| Subdivisión geográfica | Burgos (Provincia) |
| 9 (RLIN) | 170154 |
| 650 #4 - PUNTO DE ACCESO ADICIONAL DE MATERIA--TÉRMINO DE MATERIA | |
| Término de materia o nombre geográfico como elemento de entrada | Escultura románica- |
| Subdivisión geográfica | Burgos (Provincia) |
| 9 (RLIN) | 170155 |
| 700 1# - ENTRADA AGREGADA--NOMBRE PERSONAL | |
| Nombre de persona | Pérez de Urbel, Justo. |
| 9 (RLIN) | 90812 |
| 830 0# - PUNTO DE ACCESO ADICIONAL DE SERIE-TÍTULO UNIFORME | |
| Título uniforme | Publicaciones del Seminario Metropolitano de Burgos. Serie A |
| Designación de volumen o secuencia | 3 |
| 9 (RLIN) | 218547 |
| 852 ## - LOCALIZACIÓN | |
| Ubicación | ES-MaACL |
| Número de control de estantería | C-17427 |
| Sublocalización o colección | R.45090 |
| Estatus retirado | Estado de pérdida | Estado de daño | No para préstamo | Biblioteca de origen | Biblioteca actual | Ubicación en estantería | Fecha de adquisición | Fuente de adquisición | Total de préstamos | Signatura topográfica completa | Código de barras | Visto por última vez | Precio de reemplazo | Tipo de ítem Koha |
|---|---|---|---|---|---|---|---|---|---|---|---|---|---|---|
| Biblioteca del Ateneo de Madrid | Biblioteca del Ateneo de Madrid | Galería | 17/01/2008 | C-17427 | 1123888 | 23/02/2023 | 23/02/2023 | Libro impreso |
